ბათუმის შოთა რუსთაველის სახელმწიფო უნივერსიტეტის ბიბლიოთეკა

ჩანაწერი Corporate Name

ჩანაწერთა რაოდენობა, რომელიც გამოყენებულია: 1

001 - CONTROL NUMBER

  • control field: 21361

003 - CONTROL NUMBER IDENTIFIER

  • control field: GE_BSU

005 - DATE AND TIME OF LATEST TRANSACTION

  • control field: 20240307115253.0

008 - FIXED-LENGTH DATA ELEMENTS

  • fixed length control field: 240307|| aca||aabn | a|a d

040 ## - CATALOGING SOURCE

  • Original cataloging agency: GE_BSU
  • Transcribing agency: GE_BSU

110 ## - HEADING--CORPORATE NAME

  • Corporate name or jurisdiction name as entry element: Академия Наук Грузинской ССР.
  • Date of meeting or treaty signing: Археологическая комиссия. Институт истории, археологии и этнографии им. И.А. Джавахишвили. Центр археологических исследований.

670 ## - SOURCE DATA FOUND

  • Source citation: Work cat.: (GE_BSU): Кавтарадзе, Г. 21360, К хронологии эпохи энеолита и бронзы Грузии /